logo

Bir Sreshtho Munshi Abdur Rouf Library
Jhenaidah Cadet College

Britain : (Record no. 7788)

MARC details
000 -LEADER
fixed length control field 01191nam a2200313 4500
001 - CONTROL NUMBER
JCCL Control Number 7788
003 - CONTROL NUMBER IDENTIFIER
JCCL marc code BD - JhCC
005 - DATE AND TIME OF LATEST TRANSACTION
control field 20180723200524.0
008 - FIXED-LENGTH DATA ELEMENTS--GENERAL INFORMATION
fixed length control field 740612s1974 enka bs 101 0 eng
035 ## - SYSTEM CONTROL NUMBER
system control number (BD - JhCC)7788
035 ## - SYSTEM CONTROL NUMBER
system control number (OCoLC)00951258
035 ## - SYSTEM CONTROL NUMBER
system control number GLIS00002067
040 ## - CATALOGING SOURCE
Original cataloging agency DLC
Transcribing agency DLC
Modifying agency MYG
-- BD - JhCC
041 ## - LANGUAGE CODE
Language code of Book eng
050 0# - LIBRARY OF CONGRESS CALL NUMBER
Classification number HC256.6
Item number .B727
082 ## - DEWEY DECIMAL CLASSIFICATION NUMBER
Author mark and Year BRI 1974
Classification number 914.2
099 ## - LOCAL FREE-TEXT CALL NUMBER
Classification number HC256.6.B727
245 00 - TITLE STATEMENT
Title Britain :
Remainder of title an official Handbook /
Statement of responsibility, etc Great Britain. Central Office of Information
260 ## - PUBLICATION, DISTRIBUTION, ETC. (IMPRINT)
Place of publication, distribution, etc [London]
Name of publisher, distributor, etc Longman
Date of publication, distribution, etc [1974]
300 ## - PHYSICAL DESCRIPTION
Pagination xii, 298 p.
Other physical details illus.
Dimensions 23 cm.
500 ## - GENERAL NOTE
General note Papers read at a conference entitled Britain: the new EEC opportunity, held at Peterlee in March, 1973 and sponsored by the London Graduate School of Business and the Manchester Business School.
504 ## - BIBLIOGRAPHY, ETC. NOTE
Bibliography, etc Includes bibliographical references.
610 20 - SUBJECT ADDED ENTRY--CORPORATE NAME
Corporate name or jurisdiction name as entry element European Economic Community
Geographic subdivision Great Britain
651 #0 - SUBJECT ADDED ENTRY--GEOGRAPHIC NAME
Geographic name Great Britain
General subdivision Economic conditions
Chronological subdivision 1945-1964
Form subdivision Congresses.
651 #0 - SUBJECT ADDED ENTRY--GEOGRAPHIC NAME
Geographic name Great Britain
General subdivision Commerce
Form subdivision Congresses.
710 ## - ADDED ENTRY--CORPORATE NAME
Corporate name or jurisdiction name as entry element Great Britain. Central Office of Information
942 ## - ADDED ENTRY ELEMENTS (KOHA)
Source of classification or shelving scheme Dewey Decimal Classification
Koha item type Books
Holdings
Source of classification or shelving scheme Damaged status Not for loan Home library Current library Shelving location Total Checkouts Full call number Barcode Date last seen Copy number Koha item type
Dewey Decimal Classification     JCC Rouf Library JCC Rouf Library General Stacks   914.2 BRI 1974 10430 02/14/2018 C -1 Books

JCC Library | Contacts | JCC Home

Last Update on 23 September 2017
Copyright @ 2017-2020 JCC Rouf Library
Rouf Library, Jhenidah Cadet College (JCC), Bangladesh